Movies Quiz

Random Movies Quiz
Score 0/5 Timer 00:45
0 Plays Today
Question Answer Wrong Answers
What did Faramir give to Frodo and Sam at their parting? Walking staffs
75%
Warm cloaks
0%
A map
12.5%
A flask of miruvor
12.5%
What did Aragorn need to secure before Elrond would give him his daughter? The kingship of Gondor and Arnor
75%
Minas Tirith
12.5%
A sapling of the line of Nimroth
0%
The sceptre of Annuminas
0%
Who gave the Ring of Fire, Narya, to Gandalf? Círdan
62.5%
Elrond
0%
Gil-Galad
25%
Elrohir
12.5%
While Frodo, Sam and Pippin were travelling to Crickhollow, what passed them by as they slept? A fox
50%
Elves
25%
A rabbit
0%
A Black Rider
25%
Where did Arwen and Aragorn pledge their love and accept the Doom of Men? Cerin Amroth
37.5%
The garden of Elrond
37.5%
Caras Galadhon
12.5%
Dol Guldor
0%
Remove Ads.
Support Sporcle.
Get the best of Sporcle when you Go Orange. This ad-free experience offers more features, more stats, and more fun while also helping to support Sporcle. Thank you for becoming a member.

You're not logged in!

Compare scores with friends on all Sporcle quizzes.
OR
Log In

Sporcle TV

Today on Sporcle TV


Watch our educational content, quiz creation guides, and fun videos on Sporcle TV.

Show Comments

Extras

Created May 30, 2020ReportNominate
Tags:lord, Ring

Top Quizzes Today


Score Distribution

Paid Content

Your Account Isn't Verified!

In order to create a playlist on Sporcle, you need to verify the email address you used during registration. Go to your Sporcle Settings to finish the process.

Report this User

Report this user for behavior that violates our Community Guidelines.

Details: